| 000 | 00330nam a2200133Ia 4500 | ||
|---|---|---|---|
| 005 | 20260326100031.0 | ||
| 008 | 260326s9999||||xx |||||||||||||| ||und|| | ||
| 100 | _aArenas, Fray Arsenio | ||
| 245 | 0 |
_aConcilio : _b Arte sacro Moderno / _cFray Arsenio Arenas |
|
| 260 | _bOpe | ||
| 300 | _a192 p. | ||
| 650 | _aHISTORIA | ||
| 942 | _cBK | ||
| 999 |
_c6619 _d6619 |
||